00571 2200205 4500001002100000005001700021008004100038020002200079035002400101082000800125090001800133100002400151245006200175250001100237260003200248300002100280650002000301700002300321990002100344YOGYA-0213000000077920130219104417.0 ind  a978-602-7696-10-5 0010-021300000000779 a813 aDEP 813 Pra S aPRAHARA PUTRA, 1969 aSayap-Sayap Ruh /cPrahara Putra ; editor Arini Hidajati. aCet.1. aJogjakarta :bSabil,c2012. a272 hlm.:c20 cm aFiksi Indonesia aII. Arini Hidajati aCB-D.112012-1146